|
|
|
|
| LEADER |
00000cam a22000004a 4500 |
| 001 |
musev2_65472 |
| 003 |
MdBmJHUP |
| 005 |
20230905050735.0 |
| 006 |
m o d |
| 007 |
cr||||||||nn|n |
| 008 |
100518s1972 onc o 00 0 eng d |
| 020 |
|
|
|a 9781772821659
|
| 020 |
|
|
|z 1772821659
|
| 035 |
|
|
|a (OCoLC)1132668878
|
| 040 |
|
|
|a MdBmJHUP
|c MdBmJHUP
|
| 041 |
0 |
|
|a eng
|b fre
|
| 100 |
1 |
|
|a Stuart, Wendy Bross.
|
| 245 |
1 |
0 |
|a Gambling music of the Coast Salish Indians /
|c Wendy Bross Stuart.
|
| 264 |
|
1 |
|a Ottawa,
|b Ethnology Division, National Museum of Man, National Museums of Canada,
|c 1972.
|
| 264 |
|
3 |
|a Baltimore, Md. :
|b Project MUSE,
|c 2020
|
| 264 |
|
4 |
|c ©1972.
|
| 300 |
|
|
|a 1 online resource (114 pages):
|b music
|
| 336 |
|
|
|a text
|b txt
|2 rdacontent
|
| 337 |
|
|
|a computer
|b c
|2 rdamedia
|
| 338 |
|
|
|a online resource
|b cr
|2 rdacarrier
|
| 490 |
0 |
|
|a Ethnology Division paper no. 3
|
| 490 |
0 |
|
|a Mercury series
|
| 588 |
|
|
|a Description based on print version record.
|
| 650 |
|
7 |
|a Salish Indians.
|2 fast
|0 (OCoLC)fst01104021
|
| 650 |
|
7 |
|a Indians of North America
|x Games.
|2 fast
|0 (OCoLC)fst00969757
|
| 650 |
|
7 |
|a Indians of North America.
|2 fast
|0 (OCoLC)fst00969633
|
| 650 |
|
6 |
|a Indiens d'Amerique
|z Amerique du Nord
|v Musique.
|
| 650 |
|
6 |
|a Indiens d'Amerique
|z Amerique du Nord
|x Jeux et recreations.
|
| 650 |
|
6 |
|a Flathead (Indiens)
|
| 650 |
|
6 |
|a Indiens d'Amerique
|z Amerique du Nord
|x Musique.
|
| 650 |
|
1 |
|a Indians of North America
|v Music.
|
| 650 |
|
0 |
|a Indians of North America
|x Games
|z Northwest Coast of North America.
|
| 650 |
|
0 |
|a Salish Indians.
|
| 650 |
|
0 |
|a Indians of North America
|v Music.
|
| 651 |
|
7 |
|a North America
|z Northwest Coast of North America.
|2 fast
|0 (OCoLC)fst01242545
|
| 655 |
|
7 |
|a Music.
|2 fast
|0 (OCoLC)fst01423855
|
| 655 |
|
7 |
|a Electronic books.
|2 local
|
| 710 |
2 |
|
|a Project Muse.
|e distributor
|
| 830 |
|
0 |
|a Book collections on Project MUSE.
|
| 856 |
4 |
0 |
|z Texto completo
|u https://projectmuse.uam.elogim.com/book/65472/
|
| 945 |
|
|
|a Project MUSE - Custom Collection
|
| 945 |
|
|
|a Project MUSE - Archive Complete Supplement VIII
|
| 945 |
|
|
|a Project MUSE - Archive Archaeology and Anthropology Supplement VIII
|